The Holy Bible (Record no. 35579)

MARC details
000 -LEADER
fixed length control field 00619nam a22001337a 4500
008 - FIXED-LENGTH DATA ELEMENTS--GENERAL INFORMATION
fixed length control field 090925t xxu||||| |||| 00| 0 eng d
050 ## - LIBRARY OF CONGRESS CALL NUMBER
Classification number BS191
Item number .R78 1952
245 ## - TITLE STATEMENT
Title The Holy Bible
Statement of responsibility, etc Revised Standard Version
260 ## - PUBLICATION, DISTRIBUTION, ETC. (IMPRINT)
Place of publication, distribution, etc Oxford
Name of publisher, distributor, etc Oxford University Press
Date of publication, distribution, etc 1952
300 ## - PHYSICAL DESCRIPTION
Extent 293p. ;
Dimensions 21cm
942 ## - ADDED ENTRY ELEMENTS (KOHA)
Source of classification or shelving scheme Library of Congress Classification
Item type Book
Holdings
Withdrawn status Lost status Source of classification or shelving scheme Damaged status Not for loan Collection code Home library Current library Shelving location Date acquired Source of acquisition Total Checkouts Full call number Barcode Copy number Price effective from Koha item type
    Library of Congress Classification   Not For Loan Reference Bishop Okullu Memorial Library (Limuru Campus) Bishop Okullu Memorial Library (Limuru Campus) Reference 25/09/2009 purchase   REF BS191 .R78 1952 011043 1 25/09/2009 Book
    Library of Congress Classification   Not For Loan Non-fiction Nakuru Campus Nakuru Campus Reference 22/08/2011 purchase   BS191 .R78 1952 027078 2 22/08/2011 Book